Statistics for UCL Winners Starting Eleven

Click here to take the quiz!

General Stats

  • This quiz has been taken 6,804 times
    (4,668 since last reset)
  • The average score is 44 of 66

Answer Stats

Answers% Correct
Karim Benzema
95%
Cristiano Ronaldo
94%
Lionel Messi
92%
Luka Modric
91%
Thibaut Courtois
91%
Toni Kroos
88%
Manuel Neuer
87%
Mohamed Salah
86%
Allisson
85%
Neymar
85%
Vinícius Júnior
85%
Luis Suárez
84%
Sergio Ramos
84%
Edouard Mendy
83%
Gareth Bale
83%
Sadio Mané
82%
Dani Carvajal
81%
Keylor Navas
81%
Marc-André ter Stegen
81%
Virgil van Dijk
81%
Casemiro
79%
Andrés Iniesta
78%
Kai Havertz
78%
Robert Lewandowski
78%
Ferland Mendy
76%
Trent Alexander-Arnold
75%
Gerard Piqué
74%
Marcelo
74%
Roberto Firmino
73%
Casillas
72%
David Alaba
72%
Andrew Robertson
70%
Thomas Müller
70%
Jordan Henderson
67%
Raphaël Varane
66%
Antonio Rüdiger
65%
Joshua Kimmich
65%
Sergio Busquets
65%
Dani Alves
64%
Jordi Alba
64%
Éder Militão
63%
Joel Matip
61%
N'Golo Kanté
61%
Kingsley Coman
59%
Ivan Rakitic
58%
Pepe
57%
Thiago Silva
56%
Federico Valverde
55%
Mason Mount
55%
Timo Werner
55%
Fabinho
52%
Reece James
52%
Serge Gnabry
51%
Leon Goretzka
50%
Alfonso Davies
49%
Isco
49%
Cesar Azpilicueta
46%
Jérôme Boateng
46%
Thiago
46%
Javier Mascherano
42%
Jorginho
42%
Ben Chilwell
40%
Georginio Wijnaldum
39%
Ángel Di Maria
34%
Fábio Coentrão
28%
Sami Khedira
26%

Score Distribution

Percentile by Number Answered

Percent of People with Each Score

Your Score History

You have not taken this quiz since the last reset